Вероятностные модели и методы в задачах анализа сейсмоустойчивости электрооборудования; Известия Томского политехнического университета [Известия ТПУ]; Т. 315, № 5: Управление, вычислительная техника и информатика

Dades bibliogràfiques
Parent link:Известия Томского политехнического университета [Известия ТПУ]/ Томский политехнический университет (ТПУ).— , 2000-
Т. 315, № 5: Управление, вычислительная техника и информатика.— 2009.— [С. 38-44]
Autor principal: Хахо И. Х.
Sumari:Заглавие с титульного листа
Электронная версия печатной публикации
Рассмотрена методика формирования сейсмического сигнала с учетом длительности и спектральной плотности сейсмической нагрузки. Получены функция и плотность распределения вероятности выбросов стационарного случайного процесса. Рассчитаны вероятностные оценки абсолютного максимума и размаха.
Idioma:rus
Publicat: 2009
Col·lecció:Управление, вычислительная техника и информатика
Matèries:
Accés en línia:http://www.lib.tpu.ru/fulltext/v/Bulletin_TPU/2009/v315/i5/07.pdf
Format: MixedMaterials Electrònic Capítol de llibre
KOHA link:https://koha.lib.tpu.ru/cgi-bin/koha/opac-detail.pl?biblionumber=177395

MARC

LEADER 00000nla2a2200000 4500
001 177395
005 20231031165623.0
035 |a (RuTPU)RU\TPU\book\192309 
035 |a RU\TPU\book\192307 
090 |a 177395 
100 |a 20100316d2009 k y0rusy50 ca 
101 0 |a rus 
102 |a RU 
135 |a drnn ---uucaa 
181 0 |a i  
182 0 |a b 
200 1 |a Вероятностные модели и методы в задачах анализа сейсмоустойчивости электрооборудования  |b Электронный ресурс  |f И. Х. Хахо 
203 |a Текст  |c электронный 
215 |a 1 файл (2.3 Мб) 
225 1 |a Управление, вычислительная техника и информатика 
230 |a Электронные текстовые данные (1 файл : 2.3 Мб) 
300 |a Заглавие с титульного листа 
300 |a Электронная версия печатной публикации 
320 |a [Библиогр.: с. 44 (6 назв.)] 
330 |a Рассмотрена методика формирования сейсмического сигнала с учетом длительности и спектральной плотности сейсмической нагрузки. Получены функция и плотность распределения вероятности выбросов стационарного случайного процесса. Рассчитаны вероятностные оценки абсолютного максимума и размаха. 
337 |a Adobe Reader 
461 1 |0 (RuTPU)RU\TPU\book\176237  |t Известия Томского политехнического университета [Известия ТПУ]  |f Томский политехнический университет (ТПУ)  |d 2000- 
463 1 |0 (RuTPU)RU\TPU\book\192268  |x 1684-8519  |t Т. 315, № 5: Управление, вычислительная техника и информатика  |v [С. 38-44]  |d 2009  |p 212 с. 
610 1 |a анализ 
610 1 |a система 
610 1 |a сейсмостойкость 
610 1 |a динамика 
610 1 |a передаточные функции 
610 1 |a вероятность 
610 1 |a модели 
610 1 |a электронный ресурс 
700 1 |a Хахо  |b И. Х. 
801 1 |a RU  |b 63413507  |c 20090623  |g PSBO 
801 2 |a RU  |b 63413507  |c 20211216  |g PSBO 
856 4 |u http://www.lib.tpu.ru/fulltext/v/Bulletin_TPU/2009/v315/i5/07.pdf 
942 |c CF